Computers in teaching mathematics
Saved in:
| Main Authors: | , , , , , , , |
|---|---|
| Format: | Bog |
| Sprog: | engelsk |
| Udgivet: |
Reading
Addison-Wesley
1983
|
| Fag: | |
| Tags: |
Tilføj Tag
Ingen Tags, Vær først til at tagge denne postø!
|
MARC
| LEADER | 00000nam a2200000 a 4500 | ||
|---|---|---|---|
| 001 | UCQ8694 | ||
| 003 | CL-VaPUC | ||
| 008 | 981217e19830000US |||||||||||||||||eng|d | ||
| 082 | 0 | 4 | |a 371.334 |b KEL |2 21 |
| 100 | 0 | |a Kelman, Peter |e author |9 422796 | |
| 700 | 0 | |a Bardige, Art |e author |9 422797 | |
| 700 | 0 | |a Choate, Jonathan |e author |9 422798 | |
| 700 | 0 | |a Hanify, George |e author |9 422799 | |
| 700 | 0 | |a Richards, John |e author |9 422800 | |
| 700 | 0 | |a Roberts, Nancy |e author |9 422801 | |
| 700 | 0 | |a Tornrose, Mary Kay |e author |9 422802 | |
| 700 | 0 | |a Walters, Joseph |e author |9 422803 | |
| 245 | 1 | 0 | |a Computers in teaching mathematics |
| 300 | |a 308 p | ||
| 942 | |c BK | ||
| 945 | |d 19981217 00:00:00 |a cmena | ||
| 260 | |a Reading |b Addison-Wesley |c 1983 | ||
| 650 | 0 | |a Métodos de enseñanza |9 270413 | |
| 650 | 0 | |a Computadores |9 258188 | |
| 650 | 0 | |a Programación de computadores |9 259531 | |
| 650 | 0 | |a Matemáticas |x Enseñanza |9 875527 | |
| 583 | |a last modification |c 19981217 00:00:00 |k Rodrigo Vera | ||
| 999 | |c 277880 |d 277878 | ||
| 952 | |0 0 |1 0 |4 0 |6 371_334000000000000_KEL_1983 |7 0 |8 A |9 316140 |a BIBMAT |b BIBMAT |c E_DIDACT |d 2019-11-20 |i 130772K |o 371.334 KEL 1983 |p 130772K |r 2025-01-07 |w 2019-11-20 |y BK |k MAT | ||